Google'da çalışacak kadar akıllı mısınız? (Record no. 13762)

MARC details
000 -BAŞLIK
Sabit Uzunluktaki Kontrol Alanı 00645nam a22001937a 4500
003 - KONTROL NUMARASI KİMLİĞİ
Kontrol Alanı koha_MIRAKIL
005 - EN SON İŞLEM TARİHİ ve ZAMANI
Kontrol Alanı 20231213100043.0
008 - SABİT UZUNLUKTAKİ VERİ ÖGELERİ - GENEL BİLGİ
Sabit Alan 231213b |||||||| |||| 00| 0 ||| d
020 ## - ISBN - ULUSLARARASI STANDART KİTAP NUMARASI
-- 0-316-09997-X
040 ## - KATALOGLAMA KAYNAĞI
Özgün Kataloglama Kurumu TR-IsEVY
Kataloglama Dili tur
Çeviri Kurumu TR-IsEVY
082 ## - DEWEY ONU SINIFLAMA SİSTEMİ
Sınıflama Numarası 004.67 POU/G
100 ## - KİŞİ ADI
Yazar Adı (Kişi adı) Poundstone, William.
245 #0 - ESER ADI BİLDİRİMİ
Başlık Google'da çalışacak kadar akıllı mısınız?
Alt Eseradı vb. yeni ekonominin herhangi bir alanınnda iş bulmanız için cevabını bilmeniz gereken yanıltıcı sorular ve diğ
260 ## - YAYIN, DAĞITIM, VB.
Yayınevi NTV Yayınları,
Yayın Tarihi 2014
300 ## - FİZİKSEL TANIMLAMA
Sayfa, Cilt vb. 352 p.
650 ## - KONU BAŞLIĞI EK GİRİŞ - KONU TERİMİ
Konusal terim veya coğrafi ad Employee selection.
650 ## - KONU BAŞLIĞI EK GİRİŞ - KONU TERİMİ
Konusal terim veya coğrafi ad Employment interviewing.
942 ## - EK GİRİŞ ÖGELERİ (KOHA)
Source of classification or shelving scheme Dewey Decimal Classification
Koha item type Kitap
Holdings
Kayıp Durumu Sınıflandırma Kaynağı Hasarlı Durumu Kalıcı Konum Mevcut Konum Kayıt Tarih Edinim Kaynağı Yer Numarası Demirbaş Numarası Son Görülme Tarihi Fatura Tarihi Materyal Türü
  Dewey Decimal Classification   LİSE KÜTÜPHANESİ LİSE KÜTÜPHANESİ 12/02/2016 Satınalma 004.67 POU/G 14349 13/12/2023 03/03/2016 Kitap